000 01036cam a22002891 4500
999 _c3333
_d3333
001 4535219
003 GBCCL
005 20241126110452.0
008 740514t19671966nyu b 000 0 eng
010 _a 67010372
040 _aDLC
_cDLC
_dDLC
041 1 _aengger
050 0 0 _aBS1188
_b.A433 1967
082 0 0 _a221.95
_bALT
100 1 _aAlt, Albrecht,
_d1883-1956.
_96832
240 1 0 _aKleine Schriften zur Geschichte des Volkes Israel.
_lEnglish
245 1 0 _aEssays on Old Testament history and religion.
_cTranslated by R. A. Wilson.
250 _a[1st ed. in the U.S.A.]
260 _aGarden City, N.Y.,
_bDoubleday,
_c1967 [c1966]
300 _aviii, 352 p.
_c22 cm.
500 _a"The essays here translated were published in a collection of Alt's essays ... Kleine Schriften zur Geschichte des Volkes Israel."
504 _aBibliographical footnotes.
630 0 0 _aBible.
_pOld Testament.
_91751
650 0 _aJews
_xHistory
_yTo 70 A.D.
_94710
906 _a7
_bcbc
_corignew
_du
_eocip
_f19
_gy-gencatlg
942 _2ddc
_cBK